<?xml version="1.0" encoding="UTF-8"?>
<record
    xmlns:xsi="http://www.w3.org/2001/XMLSchema-instance"
    xsi:schemaLocation="http://www.loc.gov/MARC21/slim http://www.loc.gov/standards/marcxml/schema/MARC21slim.xsd"
    xmlns="http://www.loc.gov/MARC21/slim">

  <leader>02917nam a22005297a 4500</leader>
  <controlfield tag="001">42835</controlfield>
  <controlfield tag="003">gtgccic</controlfield>
  <controlfield tag="005">20250804153353.0</controlfield>
  <controlfield tag="007">ta</controlfield>
  <controlfield tag="008">250804b        mx ||||| |||| 00| 0 spa d</controlfield>
  <datafield tag="020" ind1=" " ind2=" ">
    <subfield code="a">9681859073</subfield>
  </datafield>
  <datafield tag="040" ind1=" " ind2=" ">
    <subfield code="a">gtgccic</subfield>
    <subfield code="b">spa</subfield>
    <subfield code="c">gtgccic</subfield>
    <subfield code="d">gtgccic</subfield>
    <subfield code="e">rda</subfield>
  </datafield>
  <datafield tag="082" ind1=" " ind2=" ">
    <subfield code="a">691.3 G643</subfield>
  </datafield>
  <datafield tag="100" ind1="1" ind2=" ">
    <subfield code="a">Federico Gonz&#xE1;lez Sandoval. -</subfield>
    <subfield code="e">Autor</subfield>
  </datafield>
  <datafield tag="245" ind1=" " ind2=" ">
    <subfield code="a">Manual de supervisi&#xF3;n de obras de concreto /</subfield>
    <subfield code="c">Gonz&#xE1;lez Sandoval, Federico</subfield>
  </datafield>
  <datafield tag="250" ind1=" " ind2=" ">
    <subfield code="a">2a. </subfield>
  </datafield>
  <datafield tag="264" ind1=" " ind2=" ">
    <subfield code="a">M&#xE9;xico :</subfield>
    <subfield code="b">Editorial Limusa ;</subfield>
    <subfield code="c">2002.</subfield>
  </datafield>
  <datafield tag="300" ind1=" " ind2=" ">
    <subfield code="a">147 p. :</subfield>
    <subfield code="b">il. ;</subfield>
    <subfield code="c">25 cm</subfield>
  </datafield>
  <datafield tag="336" ind1=" " ind2=" ">
    <subfield code="2">rdacontenido</subfield>
    <subfield code="a">texto</subfield>
    <subfield code="b">txt</subfield>
  </datafield>
  <datafield tag="337" ind1=" " ind2=" ">
    <subfield code="2">rdamedio</subfield>
    <subfield code="a">sin mediaci&#xF3;n</subfield>
    <subfield code="b">n</subfield>
  </datafield>
  <datafield tag="338" ind1=" " ind2=" ">
    <subfield code="2">rdasoporte</subfield>
    <subfield code="a">volumen</subfield>
    <subfield code="b">nc</subfield>
  </datafield>
  <datafield tag="490" ind1=" " ind2=" ">
    <subfield code="a">CANIEM Num. 121</subfield>
  </datafield>
  <datafield tag="505" ind1=" " ind2=" ">
    <subfield code="t">CAP&#xCD;TULO I.  EL CONCRETO</subfield>
  </datafield>
  <datafield tag="505" ind1=" " ind2=" ">
    <subfield code="t">1. Antes del mezclado</subfield>
  </datafield>
  <datafield tag="505" ind1=" " ind2=" ">
    <subfield code="t">2. Durante el mezclado y colocaci&#xF3;n del concreto</subfield>
  </datafield>
  <datafield tag="505" ind1=" " ind2=" ">
    <subfield code="t">3. Despu&#xE9;s de la colocaci&#xF3;n del concreto</subfield>
  </datafield>
  <datafield tag="505" ind1=" " ind2=" ">
    <subfield code="t">CAP&#xCD;TULO II. LA CIMBRA</subfield>
  </datafield>
  <datafield tag="505" ind1=" " ind2=" ">
    <subfield code="t">4.  Antes del montaje de la cimbra</subfield>
  </datafield>
  <datafield tag="505" ind1=" " ind2=" ">
    <subfield code="t">5.  Durante el cimbrado</subfield>
  </datafield>
  <datafield tag="505" ind1=" " ind2=" ">
    <subfield code="t">6.  Despu&#xE9;s del cimbrado</subfield>
  </datafield>
  <datafield tag="505" ind1=" " ind2=" ">
    <subfield code="t">CAP&#xCD;TULO III.  EL ACERO DE REFUERZO</subfield>
  </datafield>
  <datafield tag="505" ind1=" " ind2=" ">
    <subfield code="t">7.  Antes de la colocaci&#xF3;n</subfield>
  </datafield>
  <datafield tag="505" ind1=" " ind2=" ">
    <subfield code="t">8.  Durante la colocaci&#xF3;n del acero</subfield>
  </datafield>
  <datafield tag="505" ind1=" " ind2=" ">
    <subfield code="t">9.  Despu&#xE9;s de la colocaci&#xF3;n del refuerzo</subfield>
  </datafield>
  <datafield tag="505" ind1=" " ind2=" ">
    <subfield code="t">Ap&#xE9;ndice 1. Proporcionamiento de componentes por medio de mezclas de prueba
                     (criterios generales, usos y limitaciones de las tablas de proporciones, ejemplo)</subfield>
  </datafield>
  <datafield tag="505" ind1=" " ind2=" ">
    <subfield code="t">Ap&#xE9;ndice 2.  Ejemplo de proporcionamiento de concreto</subfield>
  </datafield>
  <datafield tag="505" ind1=" " ind2=" ">
    <subfield code="t">Ap&#xE9;ndice 3.  C&#xE1;lculo de volumen absoluto</subfield>
  </datafield>
  <datafield tag="505" ind1=" " ind2=" ">
    <subfield code="t">Ap&#xE9;ndice 4. Ejemplo de planeaci&#xF3;n de un colado</subfield>
  </datafield>
  <datafield tag="505" ind1=" " ind2=" ">
    <subfield code="t">Ap&#xE9;ndice 5. C&#xE1;lculo de cimbras</subfield>
  </datafield>
  <datafield tag="505" ind1=" " ind2=" ">
    <subfield code="t">Ap&#xE9;ndice 6. Del personal, t&#xE9;cnico de construcci&#xF3;n</subfield>
  </datafield>
  <datafield tag="505" ind1=" " ind2=" ">
    <subfield code="t">REFERENCIAS</subfield>
  </datafield>
  <datafield tag="520" ind1=" " ind2=" ">
    <subfield code="a">El enfoque del manual va dirigido a construcciones peque&#xF1;as, que es el caso m&#xE1;s com&#xFA;n y en el que se ejerce un control m&#xE1;s deficiente, utilizando pr&#xE1;cticas comunes de trabajo generalmente aceptadas y empleadas en nuestro pa&#xED;s.  En proyectos grandes, el control y la organizaci&#xF3;n son m&#xE1;s estrictos y completos, en ellos las especificaciones son m&#xE1;s r&#xED;gidas y ser&#xE1; necesario apegarse a los est&#xE1;ndares recomendados por la informaci&#xF3;n especializada.  Todo lo que se dice en el manual se refiere a concretos de peso normal.  No es una obra de texto, por lo que no se incluyen las justificaciones t&#xE9;cnicas de las recomendaciones contenidas, generalmente obtenidas como conclusiones de las experiencias y de las investigaciones y ensayos en los laboratorios.  Constituye una recopilaci&#xF3;n organizada de las normas de construcci&#xF3;n y de la mejor pr&#xE1;ctica respaldada por las instituciones profesionales m&#xE1;s conocidas y aceptadas en nuestro medio.</subfield>
  </datafield>
  <datafield tag="650" ind1=" " ind2=" ">
    <subfield code="a">CONSTRUCCI&#xD3;N EN HORMIG&#xD3;N</subfield>
  </datafield>
  <datafield tag="650" ind1=" " ind2=" ">
    <subfield code="a">ACERO</subfield>
  </datafield>
  <datafield tag="942" ind1=" " ind2=" ">
    <subfield code="2">ddc</subfield>
    <subfield code="c">BK</subfield>
    <subfield code="n">0</subfield>
  </datafield>
  <datafield tag="945" ind1=" " ind2=" ">
    <subfield code="a">amlo</subfield>
  </datafield>
  <datafield tag="999" ind1=" " ind2=" ">
    <subfield code="c">790</subfield>
    <subfield code="d">790</subfield>
  </datafield>
  <datafield tag="952" ind1=" " ind2=" ">
    <subfield code="0">0</subfield>
    <subfield code="1">0</subfield>
    <subfield code="2">ddc</subfield>
    <subfield code="4">0</subfield>
    <subfield code="7">0</subfield>
    <subfield code="a">CICON</subfield>
    <subfield code="b">CICON</subfield>
    <subfield code="c">GEN</subfield>
    <subfield code="d">2025-08-04</subfield>
    <subfield code="e">compra</subfield>
    <subfield code="i">8.3.01.H.10601/2003</subfield>
    <subfield code="l">0</subfield>
    <subfield code="o">691.3 G643</subfield>
    <subfield code="p">Cicon8.3.01.H.10601/</subfield>
    <subfield code="r">2025-08-04 15:25:53</subfield>
    <subfield code="t">1</subfield>
    <subfield code="w">2025-08-04</subfield>
    <subfield code="y">BK</subfield>
  </datafield>
</record>
